| 000 | 00527cam a22001457a 4500 | ||
|---|---|---|---|
| 008 | 180718b2000 xxu||||| |||| 00| 0 eng d | ||
| 082 | _aAPPPA 1999-2000 ANA/1 | ||
| 100 | _aAnand, Manoj | ||
| 245 |
_aCash management in department of telecommunication services: a way forward _cby Manoj Anand |
||
| 260 |
_aNew Delhi _bIndian Institute of Public Administration _c2000 |
||
| 300 | _a150p. | ||
| 650 | _aAPPPA | ||
| 650 | _aTelecommnunication policy - India | ||
| 650 | _aTelecommunication - Taxation - Law and legislation - India | ||
| 999 |
_c489444 _d489444 |
||